000 00406nam a2200157Ia 4500
008 230312s9999||||xx |||||||||||||| ||und||
020 _a0-415-40206-4
082 _a720.284
_bCAR-P
100 _aCarpo;Mario
245 0 _aPerspective, Projections & Design
260 _bRoutledge
_aUSA
_c2008
300 _a196
546 _aEng.
650 _aArchitecture
_vPerspective, Projections & Design
942 _cBK
999 _c7457
_d7457